| 000 | 00504 a2200169 4500 | ||
|---|---|---|---|
| 003 | Nust | ||
| 005 | 20230131114739.0 | ||
| 040 | _cNust | ||
| 082 | _a808.83,MAN | ||
| 100 |
_aGoldman,Emma _9108205 |
||
| 245 |
_aRed Rose / _cEthel Mannin and Emma goldman |
||
| 260 |
_aLondon _bJarrolds pub |
||
| 300 | _a328:p | ||
| 505 | _aPrologue (Page-19), Rose and Sasha (Page-29), Rose ,Sasha and Elsa (Page-179), Rose (Page-271), Epilogue (Page-321). | ||
| 650 |
_aNovel _92525 |
||
| 942 |
_2ddc _cBK _k808.83,MAN |
||
| 999 |
_c186392 _d186392 |
||